000
00231nam a22000857a 4500
008
160810b xxu||||| |||| 00| 0 eng d
100
_9
104
_a
Dixon F.W
245
_a
The Hardy Boys: The sky fire puzzle
260
_a
Armada
_b
Grossel N.V
_c
1985
999
_c
2757
_d
2757